00347nam a2200145Ia 4500008004100000020001500041041001200056082001600068100001300084245003400097260003100131300000800162650001500170700001600185221030s9999 xx 000 0 und d a8126117001 aEnglish a105.23bKum aN. Kumar 0aManagerial Skills Development bAnmol PubaNew Delhic2004 a550 aManagement aA. S. Sudan